| 000 | 005430000a22001930004500 | ||
|---|---|---|---|
| 041 | 0 | _aENG | |
| 082 | 0 | 4 | _aG 232.9 S8491t |
| 100 | 1 | _aStewart, James S. (Stuart) (1896-) | |
| 245 | 1 | 0 | _aThe life and teaching of Jesus Christ / James S. Stewart |
| 250 | _a2 | ||
| 260 | _aUSA : Church of Scotland | ||
| 300 | _axi, 209 Pag | ||
| 650 | 1 | 4 | _aJESUCRISTO - BIOGRAFIAS \ JESUCRISTO - ENSEÑANZAS |
| 001 | 4047 | ||
| 942 | _cBK | ||
| 999 |
_c34663 _d34663 |
||
| 336 |
_atexto _btxt _2rdacontent |
||
| 337 |
_2rdamedia _asin mediación _bn |
||
| 338 |
_2rdacarrier _avolumen _bnc |
||